| 000 | 01208nam a2200265 i 4500 | ||
|---|---|---|---|
| 001 | 18758 | ||
| 003 | ES-MaACL | ||
| 005 | 20230906151921.0 | ||
| 007 | t| | ||
| 008 | 020204s2001 sp ||||0| spa j | ||
| 020 | _a84-95394-17-0 | ||
| 040 |
_aM-BN _bspa _cM-BN |
||
| 080 | _a352(460.288 Bonillo)"15":091.07 | ||
| 245 | 0 | 0 | _aPrivilegios de El Bonillo del siglo XVI. |
| 260 |
_aAlbacete : _bInstituto de Estudios Albacetenses "Don Juan Manuel", _c2001. |
||
| 300 |
_a237 p. : _bil. ; _c33 cm + _e5 cuadernillos en una caja. |
||
| 490 | 1 |
_aSerie 0--Corpus, documenta y bibliografía ; _vn. 16 |
|
| 500 | _aIncluye reprod. facs. de cinco privilegios, tres otorgados por la Emperatriz de Portugal, el privilegio de villazgo concedido por el Emperador Carlos V y otro de ampliación de término municipal dado por Felipe II. | ||
| 505 | 8 | _aContiene: [1]. Estudios y transcripciones -- [2]. Facsímiles (5 cuadernillos) | |
| 651 | 4 |
_aEl Bonillo- _xAdministración- _vManuscritos- _vFacsímiles. _98149 |
|
| 710 | 2 |
_aInstituto de Estudios Albacetenses. _94884 |
|
| 830 | 0 |
_aSerie 0--Corpus, documenta y bibliografía ; _vn. 16 _9179464 |
|
| 852 |
_aES-MaACL _jL-25255-56 _bR.130370 |
||
| 999 |
_c18758 _d18758 |
||